<?xml version="1.0" encoding="UTF-8"?>
<collection xmlns:xsi="http://www.w3.org/2001/XMLSchema-instance" xsi:schemaLocation="http://www.loc.gov/MARC21/slim http://www.loc.gov/standards/marcxml/schema/MARC21slim.xsd" xmlns="http://www.loc.gov/MARC21/slim">
 <record>
  <leader>00000cam a22000004i 4500</leader>
  <controlfield tag="001">UP-99796217612423568</controlfield>
  <controlfield tag="003">Buklod</controlfield>
  <controlfield tag="005">20230619154520.0</controlfield>
  <controlfield tag="006">m    go  j        </controlfield>
  <controlfield tag="007">ta</controlfield>
  <controlfield tag="008">150609s2014    xx      r    |000 0|eng d</controlfield>
  <datafield tag="020" ind1=" " ind2=" ">
   <subfield code="a">9789715067386</subfield>
  </datafield>
  <datafield tag="035" ind1=" " ind2=" ">
   <subfield code="a">(iLib)UPD-00261913871</subfield>
  </datafield>
  <datafield tag="040" ind1=" " ind2=" ">
   <subfield code="a">DLC</subfield>
   <subfield code="d">DML</subfield>
   <subfield code="e">rda</subfield>
  </datafield>
  <datafield tag="041" ind1="0" ind2=" ">
   <subfield code="a">eng</subfield>
  </datafield>
  <datafield tag="042" ind1=" " ind2=" ">
   <subfield code="a">DMLUC</subfield>
  </datafield>
  <datafield tag="090" ind1=" " ind2=" ">
   <subfield code="a">PL 6058.9</subfield>
   <subfield code="b">B38 2014</subfield>
  </datafield>
  <datafield tag="100" ind1="1" ind2=" ">
   <subfield code="a">Bautista, Cirilo F.</subfield>
   <subfield code="e">author.</subfield>
  </datafield>
  <datafield tag="245" ind1="1" ind2="0">
   <subfield code="a">Things happen</subfield>
   <subfield code="b">poems 2012</subfield>
   <subfield code="c">Cirilo F. Bautista.</subfield>
  </datafield>
  <datafield tag="264" ind1=" " ind2="1">
   <subfield code="a">Manila</subfield>
   <subfield code="b">University of Santo Tomas Publishing House</subfield>
   <subfield code="c">2014.</subfield>
  </datafield>
  <datafield tag="300" ind1=" " ind2=" ">
   <subfield code="a">xi, 202 pages</subfield>
   <subfield code="c">23 cm</subfield>
  </datafield>
  <datafield tag="336" ind1=" " ind2=" ">
   <subfield code="a">text</subfield>
   <subfield code="2">rdacontent</subfield>
  </datafield>
  <datafield tag="337" ind1=" " ind2=" ">
   <subfield code="a">unmediated</subfield>
   <subfield code="2">rdamedia</subfield>
  </datafield>
  <datafield tag="338" ind1=" " ind2=" ">
   <subfield code="a">volume</subfield>
   <subfield code="2">rdacarrier</subfield>
  </datafield>
  <datafield tag="500" ind1=" " ind2=" ">
   <subfield code="a">&quot;This is Cirilo F. Bauthjista's 11th book of poems, all writen in 2012 in ans inspired stretch of imagination. They are narrative transcriptions of social and personal experiences that have affected his views of humanity - suffering, pain, hunger, war, love - they are here, interpreted as only Bautista can. Bautista, declared National Artist for Literature in 2014, shows the craft and artistry that put him in the forefront of Philippine literary development.&quot;--Back cover.</subfield>
  </datafield>
  <datafield tag="505" ind1="0" ind2=" ">
   <subfield code="a">Prologue -- Old men in the city -- So many naked children -- The guardian angel -- The Pensioner -- Window shopping -- Two whispers -- Detective Fiction -- Between dreams -- The patriot -- Pornography -- When I look into myself -- Elegy -- A sudden sadness -- From the undertow -- On language -- Visitation -- Two men -- A mountain solitude -- The last poem in the world -- A review of history -- My father's house -- A judgment day -- The wedding poem -- The picture -- These are not happening -- The dam -- The way to progress -- Burnt offering -- Out of the fog -- My father and the angel -- Mourners of San Mateo -- Loss of balance -- A small confession -- One bright morning -- The glance -- Pilgrims -- During the war -- Our lady of the snakes -- concerning poetry -- Grief -- Mrs. Berta after the war -- Skulls, clavicles and arms -- In the car -- There was an old man -- Style -- Losing -- Man with a mission -- The icon -- Death and love -- Storm -- Exile -- A request -- More secret than carved stone -- All the seasons -- Botolan scenery -- Fugitive -- At the top of Mount Santo Tomas -- Do you like Vic Damone? -- Body talk -- Chiaroscuro -- Too much rain -- The day you were born -- Spy -- The bill -- The castle captain -- The question -- Embassy -- Henry Miller in Paris -- A rite of ancestry -- Tiger totem -- Monday morning -- You -- Old skin -- Nothing equals everything -- In praise of sardines -- Just lightning and dark clouds -- A little romance -- Front gate -- Art and war -- Religion -- The souvenir -- The care of sheep -- I'll take you home -- Bright edges -- In between -- Epilogue: things happen.</subfield>
  </datafield>
  <datafield tag="650" ind1=" " ind2="0">
   <subfield code="a">Philippine poetry (English)</subfield>
  </datafield>
  <datafield tag="650" ind1=" " ind2="0">
   <subfield code="a">Philippine poetry (English)</subfield>
   <subfield code="x">Collections.</subfield>
  </datafield>
  <datafield tag="842" ind1=" " ind2=" ">
   <subfield code="a">Book</subfield>
  </datafield>
  <datafield tag="905" ind1=" " ind2=" ">
   <subfield code="a">FI</subfield>
  </datafield>
  <datafield tag="852" ind1="0" ind2=" ">
   <subfield code="a">UPD</subfield>
   <subfield code="b">DCAL</subfield>
   <subfield code="h">PL 6058.9</subfield>
   <subfield code="i">B38 2014</subfield>
  </datafield>
  <datafield tag="852" ind1="0" ind2=" ">
   <subfield code="a">UPD</subfield>
   <subfield code="b">DMLF</subfield>
   <subfield code="h">PL 6058.9</subfield>
   <subfield code="i">B38 2014</subfield>
  </datafield>
  <datafield tag="942" ind1=" " ind2=" ">
   <subfield code="a">Book</subfield>
  </datafield>
 </record>
</collection>
